000 00259nam a2200097Ia 4500
082 _aEF GREE
245 0 _a10 reasons not to fall inlove
100 _a GREEN, Linda London, 2009
_996743
942 _cBK
008 210817s9999 xx 000 0 und d
999 _c407969
_d407968